Toward understanding climate change : (Record no. 5003)

000 -LEADER
fixed length control field 00636nam a2200205 a 4500
001 - CONTROL NUMBER
control field 5003
003 - CONTROL NUMBER IDENTIFIER
control field BD-DhUET
008 - FIXED-LENGTH DATA ELEMENTS--GENERAL INFORMATION
fixed length control field 870129s1987 coua b 001 0 eng
020 ## - INTERNATIONAL STANDARD BOOK NUMBER
International Standard Book Number 0813374057
040 ## - CATALOGING SOURCE
Original cataloging agency DLC
Transcribing agency DLC
Modifying agency BD-DhUET
082 00 - DEWEY DECIMAL CLASSIFICATION NUMBER
Classification number 551.5
Item number UWE/1987
100 ## - MAIN ENTRY--PERSONAL NAME
Personal name Radok, Uwe
245 00 - TITLE STATEMENT
Title Toward understanding climate change :
Remainder of title the J.O. Fletcher lectures on problems and prospects of climate analysis and forecasting /
Statement of responsibility, etc. edited by Uwe Radok.
250 ## - EDITION STATEMENT
Edition statement 1st ed.
260 ## - PUBLICATION, DISTRIBUTION, ETC. (IMPRINT)
Place of publication, distribution, etc. Boulder
Name of publisher, distributor, etc. Westview Press
Date of publication, distribution, etc. 1987
300 ## - PHYSICAL DESCRIPTION
Extent 200p.
Other physical details ill. ;
Dimensions 23 cm.
504 ## - BIBLIOGRAPHY, ETC. NOTE
Bibliography, etc Includes bibliographies
650 #0 - SUBJECT ADDED ENTRY--TOPICAL TERM
Topical term or geographic name as entry element Climatic changes
942 ## - ADDED ENTRY ELEMENTS (KOHA)
Koha item type Edited Book
Holdings
Koha normalized classification for sorting Sublocation or collection (holding branch) Shelving location Koha full call number Koha item type Location (home branch) Copy number Koha date last seen Source of classification or shelving scheme Date acquired Piece designation (barcode) Withdrawn status Not for loan Lost status Damaged status Price effective from
551_000000000000000_5UWE1987Central Library, BUETCirculation section551.5/UWE/1987Edited BookCentral Library, BUET12014-11-24 2014-11-2487050    2014-11-24